00000000nam##2200000za#4500
0019.623530
003CaOODSP
00520220107134005
007ta
008150406|1995||||xxc|||||     f|0| 0 fre|d
020 |a0-662-80522-4
040 |aCaOODSP|bfre
043 |an-cn---
0861 |aH72-22/4-1995F
1102 |aCentre national d'information sur la violence dans la famille (Canada)
24513|aLa violence conjugale
260 |aOttawa - Ontario : |bSanté Canada. |c1995.
300 |a12p. : |bréférences ; |c28 cm.
4901 |aRenseignements du Centre national d'information sur la violence dans la famille
563 |aCouverture souple
590 |a95-41|b1995-10-13
69107|aViolence familiale|2gcpds
7760#|tLa violence conjugale / |w(CaOODSP)9.603025
830#0|aRenseignements du Centre national d'information sur la violence dans la famille.|w(CaOODSP)9.513100